[Event "SVK-ch U12"]
[Site "Tatralandia"]
[Date "2015.04.24"]
[Round "8"]
[White "Sepesi, Teodor"]
[Black "Sivicek, Filip"]
[Result "1-0"]
[WhiteElo "1518"]
[BlackElo "1000"]
[PlyCount "103"]
[EventDate "2015.04.18"]
[EventType "swiss"]
[EventRounds "9"]
[EventCountry "SVK"]
[SourceTitle "CBM 166 Extra"]
[Source "ChessBase"]
[SourceDate "2015.06.18"]
[SourceVersion "1"]
[SourceVersionDate "2015.06.18"]
[SourceQuality "1"]

1. e4 e5 2. Nf3 Nc6 3. Bc4 Bc5 4. d3 h6 5. c3 Nf6 6. 0-0 0-0 7. Bb3 d6 8. h3 Be6 9. Bc2 Qd7 10. Nbd2 Rad8 11. Re1 Rfe8 12. Nf1 b5 13. a3 a6 14. Ng3 d5 15. Nxe5 Nxe5 16. d4 Bxd4 17. cxd4 Ng6 18. e5 Nh7 19. f4 Ne7 20. Qd3 g6 21. Rf1 Nf5 22. Bd2 Nxg3 23. Qxg3 Bf5 24. Bxf5 Qxf5 25. Rac1 Rc8 26. Qf2 f6 27. Rc3 fxe5 28. fxe5 Qxf2+ 29. Rxf2 Ng5 30. Bxg5 hxg5 31. Rc6 Kg7 32. Rff6 Re7 33. Rxg6+ Kf8 34. Rxa6 Rf7 35. Rac6 Rg7 36. Rxg7 Kxg7 37. Kf2 Rf8+ 38. Kg3 Rc8 39. Kg4 Kg8 40. Kxg5 Kh7 41. Rh6+ Kg7 42. Rc6 Kh7 43. g4 Kg7 44. h4 Kh7 45. h5 Kg7 46. h6+ Kh7 47. Kh5 b4 48. axb4 Kg8 49. g5 Kh7 50. g6+ Kg8 51. Kg5 Kh8 52. b5 1-0

[Event "SVK-ch U12"]
[Site "Tatralandia"]
[Date "2015.04.20"]
[Round "3"]
[White "Lukac, Jakub"]
[Black "Sepesi, Teodor"]
[Result "0-1"]
[WhiteElo "1231"]
[BlackElo "1518"]
[PlyCount "48"]
[EventDate "2015.04.18"]
[EventType "swiss"]
[EventRounds "9"]
[EventCountry "SVK"]
[SourceTitle "CBM 166 Extra"]
[Source "ChessBase"]
[SourceDate "2015.06.18"]
[SourceVersion "1"]
[SourceVersionDate "2015.06.18"]
[SourceQuality "1"]

1. e4 c5 2. Nc3 Nc6 3. Bb5 g6 4. Bxc6 dxc6 5. d3 Bg7 6. Bd2 Nf6 7. Nf3 Bg4 8. h3 Be6 9. b3 0-0 10. 0-0 Qc7 11. Re1 Rfd8 12. Qc1 b5 13. a3 c4 14. Bf4 Qc8 15. Qb1 cxd3 16. cxd3 Nh5 17. Bd2 a5 18. Qc2 Rb8 19. Rab1 Qd7 20. g4 Bxg4 21. hxg4 Qxg4+ 22. Kf1 Qxf3 23. Re3 Ng3+ 24. Ke1 Qh1# 0-1

[Event "SVK-ch U12"]
[Site "Stara Lubovna"]
[Date "2014.04.12"]
[Round "9"]
[White "Sepesi, Teodor"]
[Black "Matis, Daniel"]
[Result "1-0"]
[WhiteElo "1273"]
[BlackElo "1227"]
[PlyCount "79"]
[EventDate "2014.04.05"]
[EventType "swiss"]
[EventRounds "9"]
[EventCountry "SVK"]
[SourceTitle "EXT 2016"]
[Source "ChessBase"]
[SourceDate "2015.10.08"]
[SourceVersion "1"]
[SourceVersionDate "2015.10.08"]
[SourceQuality "1"]

1. e4 e5 2. Nf3 Nc6 3. d4 exd4 4. Nxd4 Nge7 5. Nf3 g6 6. Bd2 Bg7 7. Bc3 0-0 8. Bxg7 Kxg7 9. Nc3 Kg8 10. Qd2 Re8 11. 0-0-0 d6 12. Bc4 a6 13. h4 b5 14. Bb3 Na5 15. h5 Nxb3+ 16. axb3 b4 17. Na4 a5 18. hxg6 Nxg6 19. Qh6 Qf6 20. Qxh7+ Kf8 21. Qh6+ Kg8 22. Ng5 Qh8 23. Qxh8+ Nxh8 24. f3 Ng6 25. Nh3 Rb8 26. Nf2 Bd7 27. Rd5 Ra8 28. Rhh5 Nf4 29. Rhg5+ Kf8 30. Rxa5 Bxa4 31. Rxa4 Rxa4 32. bxa4 Ra8 33. b3 Ne2+ 34. Kd2 Nf4 35. Nd3 Nxd3 36. Kxd3 Ke7 37. Kc4 c5 38. e5 Ra5 39. exd6+ Kxd6 40. Rf5 1-0